Limits of Islamism : (Record no. 139456)

MARC details
000 -LEADER
fixed length control field 01052nam a22002657a 4500
005 - DATE AND TIME OF LATEST TRANSACTION
control field 20170503115257.0
010 ## - LCCN (DPL NO)
LC control number ENG-118016
020 ## - INTERNATIONAL STANDARD BOOK NUMBER
International Standard Book Number 9781107080263 (hardback)
Terms of availability 795.00
035 ## - SYSTEM CONTROL NUMBER
System control number EN-101548
037 ## - SOURCE OF ACQUISITION
Source of stock number/acquisition DBAD/PUB
082 00 - DEWEY DECIMAL CLASSIFICATION NUMBER
Classification number 320.5570954
Edition number 23
100 1# - MAIN ENTRY--PERSONAL NAME
Personal name Islam, Maidul.
245 10 - TITLE STATEMENT
Title Limits of Islamism :
Remainder of title Jamaat-e-Islami in contemporary India and Bangladesh /
Statement of responsibility, etc Maidul Islam.
260 ## - PUBLICATION, DISTRIBUTION, ETC. (IMPRINT)
Place of publication, distribution, etc New Delhi
Name of publisher, distributor, etc Cambridge University Press
Date of publication, distribution, etc 2015
300 ## - PHYSICAL DESCRIPTION
Extent x, 345 pages ;
Dimensions 24 cm.(Hb)
504 ## - BIBLIOGRAPHY, ETC. NOTE
Bibliography, etc Includes bibliographical references and index.
520 ## - SUMMARY, ETC.
Summary, etc "Focuses on Islamism as a political ideology by taking up the case study of Jamaat-e-Islami in contemporary India and Bangladesh"--
610 20 - SUBJECT ADDED ENTRY--CORPORATE NAME
Corporate name or jurisdiction name as entry element Jamāʻat-i Islāmī (India)
610 20 - SUBJECT ADDED ENTRY--CORPORATE NAME
Corporate name or jurisdiction name as entry element Jāmāẏāte Isalāmī Bāṃlādeśa.
650 #0 - SUBJECT ADDED ENTRY--TOPICAL TERM
Topical term or geographic name as entry element Islamic fundamentalism
Geographic subdivision India.
650 #0 - SUBJECT ADDED ENTRY--TOPICAL TERM
Topical term or geographic name as entry element Islamic fundamentalism
Geographic subdivision Bangladesh.
650 #0 - SUBJECT ADDED ENTRY--TOPICAL TERM
Topical term or geographic name as entry element Islam and politics
Geographic subdivision India.
650 #0 - SUBJECT ADDED ENTRY--TOPICAL TERM
Topical term or geographic name as entry element Islam and politics
Geographic subdivision Bangladesh.
942 ## - ADDED ENTRY ELEMENTS (KOHA)
Source of classification or shelving scheme Dewey Decimal Classification
Item type English Books
Classification part 320.5570954
Call number suffix ISL
Holdings
Withdrawn status Lost status Not for loan Collection code Home library Current library Date acquired Source of acquisition Cost, normal purchase price Full call number Barcode Copy number Cost, replacement price Koha item type
      Non-fiction Bawana Bawana 03/05/2017 DBAD/PUB 795.00 320.5570954 ISL EN-101548 1 795.00 English Books

© Delhi Public Library
Hit Counter
free hit counter